000 00995cam a2200301Mi 4500
001 48561
005 20230410120948.0
008 041202s2004 sp 000 0 spa d
035 _a(OCoLC)ocm57310059
040 _aPL#
_bspa
_cPL#
020 _a8433831585
020 _a9788433831583
029 0 _aPL#
_b8433831585
035 _a(OCoLC)57310059
050 1 4 _aJC 585
_bJ65 2004
245 0 0 _aJohn Stuart Mill y las fronteras del liberalismo /
_cManuel Escamilla Castillo, (ed.).
260 _aGranada :
_bUniversidad de Granada,
_c2004.
300 _a284 p. ;
_c22 cm.
440 0 _aMonográfica / Universidad de Granada.
_pBiblioteca de ciencias jurídicas ;
_v4
500 _aReferencias bibliográficas.
650 0 _aLiberty.
653 _aMill, John Stuart, 1806-1873
_aCrítica e interpretación.
653 _aFilosofía
_aSiglo XIX
_aHistoria y crítica.
938 _aPuvill Libros
_bPUVL
_n8433831585
_c$23.30
942 _2lcc
_cbk
946 _amfcruz
994 _aC0
_bDRFGD
999 _c55212
_d55212